000 00617nam a2200229Ia 4500
003 OSt
005 20220928102621.0
006 a|||||r|||| 00| 0
007 ta
008 220927b |||||||| |||| 00| 0 eng d
024 _a37947
037 _cTextual
040 _aSDCL
_cSDCL
_beng
041 _2eng
_aeng
082 _aV2:56'N7, L8
100 _aMankekar D R
_9399377
245 0 _aOne way free flow
_b Neo-colonialism via news media
260 _aDelhi
_bClarion Books
_c1978
300 _a170p
_ccm.
942 _hV2:56'N7, L8
_cTEXL
_2CC
999 _c715234
_d715234